Weihnachtsquiz - Statistiken

Allgemein
  • Dieses Quiz wurde 199 mal gespielt
    198 seit der letzten Aktualisierung
  • Das Durchschnittsergebnis liegt bei 11 aus 15
Antwortstatistiken
Frage Antwort % Korrekt
Welche Farbe hat der Grinch? Grün
100%
Stille Nacht, … Nacht? heilige
98%
Was ist der Name des Rentiers mit der roten Nase? Rudolph
94%
Wie heißt die Band die „Last Christmas“ gesungen hat. „Wham!“
94%
Was ist die traditionelle Weihnachtsfarbe, die oft mit der Feier verbunden wird? Rot und Grün
92%
Welches Gewürz findet man in Spekulatius? Zimt
92%
Was legen Kinder in vielen Ländern in der Nacht vor dem 6. Dezember für den Nikolaus bereit? Socken und Stiefel
88%
Was ist der Name des berühmten Weihnachtsmarktes in Nürnberg? Christkindlesmarkt
81%
Chris Rea singt in seinem bekannten Weihnachtslied von was? Über Weihnachten nach Hause fahren
71%
Welches Tier wird in der Weihnachtsgeschichte als Teil der Krippe erwähnt? Esel
65%
In welchem Land ist der Brauch des Adventskalenders entstanden? Deutschland
54%
In welchem Land wird Weihnachten am 24. Dezember mit einer großen Feier namens "Nochebuena" gefeiert? Mexiko
50%
Wie viele Nadeln hat ein durchschnittlicher (1,70 m großer) Weihnachtsbaum? 180.000
37%
Wie viele Geister besuchen Ebenezer Scrooge in "Eine Weihnachtsgeschichte" von Charles Dickens? Vier
31%
In welchem Land gibt es die Tradition, am Heiligabend Karpfen zu essen? Tschechien
15%
Keine übereinstimmenden Quizze gefunden
Verteilung der Resultate
Anzahl Personen mit jedem Resultat
Perzentil nach korrekt beantworteten Fragen
Ihre Resultats-Entwicklung
Sie haben dieses Quiz seit der letzten Aktualisierung nicht gespielt